Tribal Policy in India/ (Record no. 202552)

MARC details
000 -LEADER
fixed length control field 00643 a2200205 4500
005 - DATE AND TIME OF LATEST TRANSACTION
control field 20240502142846.0
010 ## - LCCN (DPL NO)
LC control number B-758841
020 ## - INTERNATIONAL STANDARD BOOK NUMBER
International Standard Book Number 8121003784
Terms of availability 195.00
035 ## - SYSTEM CONTROL NUMBER
System control number B-758841
037 ## - SOURCE OF ACQUISITION
Source of stock number/acquisition Gift/Unesco
082 ## - DEWEY DECIMAL CLASSIFICATION NUMBER
Classification number 307.772
245 ## - TITLE STATEMENT
Title Tribal Policy in India/
Remainder of title Edited by- Bhupinder Singh [and] Neeti Mahanti
260 ## - PUBLICATION, DISTRIBUTION, ETC. (IMPRINT)
Place of publication, distribution, etc New Delhi
Name of publisher, distributor, etc Inter India Publication
Date of publication, distribution, etc 1997
270 ## - ADDRESS
Address New Delhi
300 ## - PHYSICAL DESCRIPTION
Extent 136 p.;
Dimensions 22cm. (Hb)
Other physical details Index
700 ## - ADDED ENTRY--PERSONAL NAME
Personal name Bhupinder Singh
9 (RLIN) 65468
700 ## - ADDED ENTRY--PERSONAL NAME
Personal name Mahanti, Neeti
9 (RLIN) 65474
942 ## - ADDED ENTRY ELEMENTS (KOHA)
Institution code [OBSOLETE] dpl
Item type English Books
Source of classification or shelving scheme Dewey Decimal Classification
Classification part 307.772
Call number suffix TRI
Holdings
Withdrawn status Lost status Not for loan Collection code Home library Current library Date acquired Source of acquisition Cost, normal purchase price Full call number Barcode Copy number Cost, replacement price Koha item type Public note
      Non-fiction Central Jail Tihar Central Jail Tihar 02/05/2024 Gift/29.4.24 195.00 307.772 TRI B-758841 1 195.00 English Books Gift

© Delhi Public Library
Hit Counter
free hit counter